000 00529nam a22001937a 4500
005 20180723122610.0
010 _aB-227753
020 _a9788171771790
_c750.00
035 _aB-227753, B-227752
037 _bEastern law house
082 _a346.54052
100 _aMitra, B. B.
245 _aIndian sucession act
250 _a14th ed.
260 _aNew Delhi
_bEastern law house
300 _a727p.
_c22cm(Hb)
942 _2ddc
_cEN
_h346.54052
_mMIT
999 _c153318
_d153318